000 00655nab a2200193 4500
001 244442
003 OSt
005 20240111092328.0
007 tu
008 200917s2020|||||||
040 _aDE-2950
_cDE-2950
245 0 0 _aFördermittel gegen den Stau
_bGrenze. Die Doppelstadt hat ein Verkehrsproblem. Kann eine zweite Stadtbrücke helfen? Das soll eine Machbarkeitsstudie klären, für die EU-Gelder fließen/
_cThomas Gutke
264 _c2024
653 _aFrankfurt (Oder)
653 _aMachbarkeitsstudie
653 _a2. Brücke
773 0 _g35. Jahrgang (2024) Nr. 8 vom 10.01.2024, S. 13, mit Foto
_tMärkische Oderzeitung
942 _2z
_cA
999 _c372922
_d372922